| 000 | 00802nam a2200229Ia 4500 | ||
|---|---|---|---|
| 005 | 20260430150749.0 | ||
| 008 | 008 250103s9999 xx 000 0 hin d | ||
| 037 | _aTheses | ||
| 040 | _aCRL | ||
| 040 | _bhin | ||
| 040 | _chin | ||
| 041 | _2hin | ||
| 041 | _ahin | ||
| 084 | _qCRL | ||
| 100 |
_aप्रेम लता, ले. _9866480 |
||
| 245 | 0 | _aआधुनिक परिप्रेक्ष्य में बौद्ध धर्म की प्रासंगिकता: एक समीक्षात्मक अधान | |
| 260 | _c2021 | ||
| 300 | _a360पृ0 | ||
| 700 | _aदिल्ली विश्वविद्यालय. कला संकाय. बौद्ध अध्ययन विभाग | ||
| 942 | _cTH | ||
| 999 |
_c1850657 _d1850657 |
||